00342 a2200097 4500001001000000005001700010008004100027245008700068100002100155773006800176ART_5114720260410161810.0260409a 10aLa IGJ expande su competencia (¿solo?) registral sobre el contrato de fideicomiso1 aPapa, Rodolfo G.0 tDoctrina Societaria y Concursalg- N° 394 (sep. 2020)wREV4298